[Event "Peterborough 4NCL Easter op-A"]
[Site "Peterborough"]
[Date "2024.04.01"]
[Round "7"]
[White "Guthrie, David"]
[Black "Kilambi, Venkata Ananth Aksh"]
[Result "1-0"]
[WhiteElo "2129"]
[BlackElo "1801"]
[PlyCount "45"]
[EventDate "2024.03.29"]
[EventType "swiss"]
[EventRounds "7"]
[EventCountry "ENG"]
[SourceTitle "CB14_2024"]
[SourceDate "2024.04.01"]
[SourceVersion "1"]
[SourceVersionDate "2024.04.01"]
[SourceQuality "1"]

1. d4 Nf6 2. c4 e6 3. Nc3 Bb4 4. e3 b6 5. Nge2 d5 6. Qa4+ Nc6 7. Qxc6+ Bd7 8. Qb7 a6 9. cxd5 exd5 10. a3 Bxc3+ 11. Nxc3 c6 12. e4 0-0 13. e5 Re8 14. Be2 Ne4 15. Nxe4 dxe4 16. 0-0 h6 17. e6 fxe6 18. Bf4 b5 19. Qc7 Qe7 20. Qe5 Rf8 21. Qxe4 Rae8 22. Rac1 Qf7 23. Bd6 1-0